[Event "Romania blitz online op final"]
[Site "Chess.com INT"]
[Date "2020.05.06"]
[Round "7"]
[White "Avramescu, Paul Mihai"]
[Black "Topor, Alexandru Liviu"]
[Result "1-0"]
[WhiteElo "2035"]
[BlackElo "2140"]
[PlyCount "63"]
[EventDate "2020.05.06"]
[EventType "swiss (blitz)"]
[EventRounds "9"]
[EventCountry "ROU"]
[SourceTitle "CBM 196 Extra"]
[Source "ChessBase"]
[SourceDate "2020.07.31"]
[SourceVersion "1"]
[SourceVersionDate "2020.07.31"]
[SourceQuality "1"]

1. d4 Nf6 2. Nf3 e6 3. Bg5 d5 4. e3 Be7 5. Bd3 0-0 6. 0-0 b6 7. c4 Bb7 8. Nc3 c5 9. cxd5 Nxd5 10. Nxd5 Bxg5 11. Nc3 cxd4 12. exd4 Bf6 13. Be4 Bxe4 14. Nxe4 Nd7 15. d5 exd5 16. Qxd5 Bxb2 17. Rad1 Nf6 18. Qb3 Qc7 19. Nd6 Qc3 20. Qa4 Rfd8 21. Nb5 Rxd1 22. Nxc3 Rxf1+ 23. Kxf1 Bxc3 24. Qc6 Rd8 25. Qxc3 h6 26. h3 Nd5 27. Qa3 a5 28. Ne5 Nf4 29. Qb3 Kh7 30. g3 Nxh3 31. Qxf7 Ng5 32. Qf5+ 1-0